|
|
|
|
| LEADER |
01093nam a2200313 a 4500 |
| 001 |
000014464 |
| 003 |
CZ BrMZK |
| 005 |
20200602204502.0 |
| 007 |
ta |
| 008 |
931221s1993 xr f cze d |
| 015 |
|
|
|a cnb000081746
|
| 020 |
|
|
|a 80-85805-09-X
|c 45.00
|
| 040 |
|
|
|a BOA001
|b cze
|
| 080 |
|
|
|a 635.91
|2 MRF
|
| 100 |
1 |
|
|a Novotná, Eva
|7 jx20041208048
|
| 245 |
1 |
0 |
|a Zeleň v našich domovech /
|c Ilustr. ... a Věra Fišerová
|
| 250 |
|
|
|a 1. vyd.
|
| 260 |
|
|
|a Praha :
|b Artia,
|c 1993
|
| 300 |
|
|
|a 63 s. :
|b obr.
|
| 490 |
1 |
|
|a Člověk v přírodě ;
|v 7
|
| 500 |
|
|
|a Dostupné též v digitální podobě v aplikaci Kramerius
|
| 653 |
0 |
|
|a pokojové rostliny
|
| 700 |
1 |
|
|a Fišerová, Věra
|7 jn19981001182
|
| 830 |
|
0 |
|a Člověk v přírodě
|0 s
|
| 856 |
4 |
1 |
|u http://www.digitalniknihovna.cz/mzk/uuid/uuid:b97f0fc0-abaf-11ea-b68c-005056827e52
|y Digitalizovaný dokument
|x NDK
|
| 910 |
|
|
|a BOA001
|b 1-0995.244
|
| 964 |
|
|
|a Rostliny pokojové - pěstování
|
| 990 |
|
|
|a BK
|
| 996 |
6 |
|
|b 2610004187
|c 1-0995.244
|l MZK
|r Sklad / do 1 hodiny
|n 22
|p p.v.
|w 000014464
|u 000010
|a 1
|e BOA001
|j MZK50
|s P
|